The seven mystical laws of self healing: (Record no. 143591)

MARC details
000 -LEADER
fixed length control field 00617nam a22001817a 4500
005 - DATE AND TIME OF LATEST TRANSACTION
control field 20240103143419.0
010 ## - LCCN (DPL NO)
LC control number ENG-119958
020 ## - INTERNATIONAL STANDARD BOOK NUMBER
International Standard Book Number 9788121618755
Terms of availability 225.00
035 ## - SYSTEM CONTROL NUMBER
System control number EN-103490
037 ## - SOURCE OF ACQUISITION
Source of stock number/acquisition DBAD/PUB
082 ## - DEWEY DECIMAL CLASSIFICATION NUMBER
Classification number 615.538
100 ## - MAIN ENTRY--PERSONAL NAME
Personal name Sanjiv Ranjan
245 ## - TITLE STATEMENT
Title The seven mystical laws of self healing:
Remainder of title The fundamental principles of living a powerful life/
Statement of responsibility, etc By Sanjiv Ranjan
260 ## - PUBLICATION, DISTRIBUTION, ETC. (IMPRINT)
Place of publication, distribution, etc New Delhi
Name of publisher, distributor, etc Life Positive
Date of publication, distribution, etc 2013
270 ## - ADDRESS
Address C153 Okla Industrial Area Phase - I,
City New Delhi
Postal code 110020
300 ## - PHYSICAL DESCRIPTION
Extent ix, 228p :
Dimensions 22cm(pbk)
Other physical details ill
942 ## - ADDED ENTRY ELEMENTS (KOHA)
Source of classification or shelving scheme Dewey Decimal Classification
Item type English Books
Classification part 615.538
Call number suffix SAN
Holdings
Withdrawn status Lost status Not for loan Collection code Home library Current library Date acquired Source of acquisition Cost, normal purchase price Full call number Barcode Copy number Cost, replacement price Koha item type
      Non-fiction Ashok Vihar Ashok Vihar 21/08/2017 DBAD/PUB 225.00 615.538 SAN EN-103490 1 225.00 English Books

© Delhi Public Library
Hit Counter
free hit counter